| 000 | 00406nam a22001697a 4500 | ||
|---|---|---|---|
| 005 | 20180312153317.0 | ||
| 008 | 160525b xxu||||| |||| 00| 0 eng d | ||
| 020 | _a81-219-1248-2 | ||
| 041 | _aeng | ||
| 082 |
_b4816 _a332.6 |
||
| 100 |
_aBhalla, V.K. _94186 |
||
| 245 | _aInvestment Management | ||
| 260 |
_aNew Delhi _bAcademic Faundation |
||
| 300 | _a1001 | ||
| 650 |
_aManagement _9241 |
||
| 942 | _cBK | ||
| 999 |
_c1646 _d1645 |
||